000 00315nam a2200145Ia 4500
100 _aYegnanarayana/B
942 _cBK
654 _aneural networks
245 _aArtificial neural Networks
260 _bPrentice Hall of India
_c1999
082 _a4.65
_bYEG
300 _a461
546 _aENGLISH
999 _c32094
_d32094